Das radikale Projekt der modernen Architektur /

Das Buch?das radikale projekt der modernen architektur? thematisiert die Architektur der Stadt vor dem Hintergrund ihrer historischen Entwicklung im Rahmen der Entwurfstheorie der Moderne. Klaus Theo Brenner entwickelt einen entwurflichen Diskurs, der sich distanziert von zwei Tendenzen aktueller Ar...

Full description

Saved in:
Bibliographic Details
Main Author: Brenner, Klaus Theo, 1950-
Format: Book
Language:German
Published: Tübingen : Wasmuth Verlag, c2017.
Edition:Neuauflage.
Subjects:
Tags: Add Tag
No Tags, Be the first to tag this record!
LEADER 01961cam a2200373Ia 4500
001 13016829
005 20180212112648.0
008 171222s2017 gw a b 000 0 ger d
035 |a (OCoLC)on1003587294 
040 |a ERASA  |b eng  |c ERASA  |d OHX  |d OCLCQ  |d JPG  |d OCLCF 
020 |a 9783803008206 
020 |a 3803008204 
035 |a (OCoLC)1003587294 
050 4 |a NA2500  |b .B8155 2017 
082 0 4 |a 724.6 
049 |a ZCUA 
100 1 |a Brenner, Klaus Theo,  |d 1950- 
245 1 4 |a Das radikale Projekt der modernen Architektur /  |c Klaus Theo Brenner. 
250 |a Neuauflage. 
260 |a Tübingen :  |b Wasmuth Verlag,  |c c2017. 
300 |a 166 pages :  |b illustrations ;  |c 18 cm 
336 |a text  |b txt  |2 rdacontent 
337 |a unmediated  |b n  |2 rdamedia 
338 |a volume  |b nc  |2 rdacarrier 
504 |a Includes bibliographical references. 
520 8 |a Das Buch?das radikale projekt der modernen architektur? thematisiert die Architektur der Stadt vor dem Hintergrund ihrer historischen Entwicklung im Rahmen der Entwurfstheorie der Moderne. Klaus Theo Brenner entwickelt einen entwurflichen Diskurs, der sich distanziert von zwei Tendenzen aktueller Architekturdebatten: Einmal der banalen Form des Historismus und zum Anderen? und im Gegensatz dazu? einem Modernismus, der sich im modischen Designobjekt erschöpft. In diesem Buch geht es um ein Stück Aufklärung, basierend auf der These, dass die moderne Architektur in einem permanenten Transformationsprozess im Sinne der Aktualisierung geschichtlicher Themen der Stadtarchitektur steht. 
650 0 |a Architecture  |x Philosophy. 
650 0 |a Modern movement (Architecture) 
650 0 |a Architecture, Modern  |y 20th century. 
650 7 |a Architecture, Modern.  |2 fast  |0 (OCoLC)fst00813842 
650 7 |a Architecture  |x Philosophy.  |2 fast  |0 (OCoLC)fst00813497 
650 7 |a Modern movement (Architecture)  |2 fast  |0 (OCoLC)fst01024437 
648 7 |a 1900-1999  |2 fast 
852 0 0 |b ave4off  |h NA2500  |i .B8155 2017g